Committee on Geodesy. Geodesy: trends and prospects. (Record no. 87793)

MARC details
000 -LEADER
fixed length control field 00489cam a2200181 4500
001 - CONTROL NUMBER
control field D9515
008 - FIXED-LENGTH DATA ELEMENTS--GENERAL INFORMATION
fixed length control field 090401t1978 xxu||||| |||| 00| 0 eng d
035 ## - SYSTEM CONTROL NUMBER
System control number (Sirsi) u20308
041 ## - LANGUAGE CODE
Language code of text/sound track or separate title eng
050 ## - LIBRARY OF CONGRESS CALL NUMBER
Classification number 526.3
110 ## - MAIN ENTRY--CORPORATE NAME
Corporate name or jurisdiction name as entry element United States. National Research Council
9 (RLIN) 487
245 ## - TITLE STATEMENT
Title Committee on Geodesy. Geodesy: trends and prospects.
260 ## - PUBLICATION, DISTRIBUTION, ETC.
Place of publication, distribution, etc. Washington DC
Name of publisher, distributor, etc. National Academy of Sciences
Date of publication, distribution, etc. 1978
300 ## - PHYSICAL DESCRIPTION
Extent ix. 86p. 28cm
350 ## - PRICE (NR) (BK AM CF MU VM SE) [OBSOLETE]
Price 0
942 ## - ADDED ENTRY ELEMENTS (KOHA)
Suppress in OPAC 0
948 ## - LOCAL PROCESSING INFORMATION (OCLC); SERIES PART DESIGNATOR (RLIN)
c (OCLC) 04/03/1997
Holdings
Withdrawn status Lost status Source of classification or shelving scheme Damaged status Not for loan Home library Current library Shelving location Date acquired Total Checkouts Full call number Barcode Date last seen Copy number Price effective from Koha item type
    Dewey Decimal Classification     London London Basement 14/09/1999   SHELF 202 30004021 06/08/2019 1 06/08/2019 Book